[Event "Avoine op 21th"]
[Site "Avoine"]
[Date "2006.07.26"]
[Round "5"]
[White "Carvallo, Henri"]
[Black "Lerner, Fabien"]
[Result "1/2-1/2"]
[WhiteElo "2160"]
[BlackElo "2009"]
[PlyCount "81"]
[EventDate "2006.07.22"]
[EventType "swiss"]
[EventRounds "9"]
[EventCountry "FRA"]
[SourceTitle "EXT 2007"]
[Source "ChessBase"]
[SourceDate "2006.11.23"]
[SourceVersion "1"]
[SourceVersionDate "2006.11.23"]
[SourceQuality "1"]

1. d4 Nf6 2. Nf3 e6 3. Bf4 c5 4. e3 Nc6 5. c3 Qb6 6. Qb3 Qxb3 7. axb3 Be7 8. h3 0-0 9. dxc5 Bxc5 10. b4 Be7 11. b5 Nd8 12. Nbd2 d5 13. Be2 b6 14. 0-0 Nb7 15. Ra2 Nc5 16. Rfa1 Bb7 17. Rxa7 Rxa7 18. Rxa7 Ra8 19. Rxa8+ Bxa8 20. b3 Nce4 21. Nxe4 Nxe4 22. c4 Kf8 23. Bd3 Nc5 24. Bc2 dxc4 25. bxc4 Be4 26. Bxe4 Nxe4 27. Kf1 Bd6 28. Bxd6+ Nxd6 29. Nd2 Ke7 30. Ke2 e5 31. e4 Nb7 32. g3 Kd6 33. Nb3 f6 34. f4 g5 35. Kf3 Nc5 36. Nd2 gxf4 37. gxf4 Nd3 38. fxe5+ Nxe5+ 39. Kf4 Ke6 40. Ke3 Kd6 41. Kf4 1/2-1/2

[Event "Avoine op 21th"]
[Site "Avoine"]
[Date "2006.07.23"]
[Round "2"]
[White "Lerner, Fabien"]
[Black "Druon, Roger"]
[Result "0-1"]
[WhiteElo "2009"]
[BlackElo "2148"]
[PlyCount "56"]
[EventDate "2006.07.22"]
[EventType "swiss"]
[EventRounds "9"]
[EventCountry "FRA"]
[SourceTitle "EXT 2007"]
[Source "ChessBase"]
[SourceDate "2006.11.23"]
[SourceVersion "1"]
[SourceVersionDate "2006.11.23"]
[SourceQuality "1"]

1. c4 c5 2. g3 Nf6 3. Bg2 d5 4. cxd5 Nxd5 5. Nc3 Nc7 6. Nf3 Nc6 7. 0-0 e5 8. d3 Be7 9. Bd2 0-0 10. a3 Be6 11. Rb1 f6 12. Na4 Na6 13. Qc2 Qd7 14. Rfc1 Rac8 15. Be1 Nd4 16. Nxd4 cxd4 17. Qd1 b5 18. Nc3 dxc3 19. Bxc3 Nc5 20. b4 Na4 21. Ba1 Bd5 22. d4 Bxg2 23. Kxg2 Qd5+ 24. Kg1 e4 25. Rxc8 Rxc8 26. Rc1 Rc4 27. Rxc4 Qxc4 28. d5 Bd6 0-1

[Event "FRA-chT2A 0506"]
[Site "France"]
[Date "2006.04.02"]
[Round "11.2"]
[White "Lerner, Fabien"]
[Black "Delorme, Alban"]
[Result "0-1"]
[WhiteElo "2035"]
[BlackElo "2276"]
[PlyCount "144"]
[EventDate "2005.10.27"]
[EventType "team-tourn"]
[EventRounds "11"]
[EventCountry "FRA"]
[SourceTitle "EXT 2006"]
[Source "ChessBase"]
[SourceDate "2005.11.24"]
[SourceVersion "1"]
[SourceVersionDate "2005.11.24"]
[SourceQuality "1"]
[WhiteTeam "Bordeaux Echecs"]
[BlackTeam "Nantes"]
[WhiteTeamCountry "FRA"]
[BlackTeamCountry "FRA"]

1. c4 e6 2. Nc3 d5 3. d4 Nf6 4. Bg5 Be7 5. e3 0-0 6. Nf3 b6 7. Bd3 Bb7 8. 0-0 Nbd7 9. Rc1 c5 10. cxd5 exd5 11. Bb1 Rc8 12. Ne5 Nxe5 13. dxe5 Ne4 14. Nxe4 dxe4 15. Qxd8 Bxd8 16. Bf4 Bc7 17. Rfd1 Rfe8 18. Rc4 Rcd8 19. Rcc1 Kf8 20. Kf1 Bc6 21. Rxd8 Rxd8 22. Ke1 a5 23. Rc4 Bd5 24. Rc1 Re8 25. Rd1 Bc6 26. Bc2 Bxe5 27. Bxe5 Rxe5 28. Rd8+ Re8 29. Rd6 Rc8 30. a4 Ke7 31. Rd1 f5 32. Kd2 Rd8+ 33. Kc3 Rxd1 34. Bxd1 g5 35. Kc4 Kd6 36. Bc2 f4 37. Bd1 h6 38. b3 Ke5 39. Be2 Bd5+ 40. Kc3 Be6 41. Bc4 f3 42. g3 h5 43. Bb5 h4 44. Bf1 hxg3 45. hxg3 Bc8 46. Kc2 Be6 47. Kc3 Kf5 48. Bh3+ Kf6 49. Bf1 Kg6 50. Kc2 Kh5 51. Kc3 Kg4 52. Kc2 Kf5 53. Kc3 Ke5 54. Kc2 Kd6 55. Kc3 Kc6 56. Bb5+ Kc7 57. Bf1 Kb7 58. Kc2 Bd7 59. Bc4 Kc6 60. Bb5+ Kc7 61. Bc4 Kd6 62. Bf1 Be6 63. Kc3 Ke5 64. Kc2 Kd6 65. Kc3 Bd7 66. Kc4 Kc6 67. Kc3 Kc7 68. Kc4 b5+ 69. Kxc5 bxa4 70. bxa4 Bxa4 71. Bb5 Bxb5 72. Kxb5 Kd6 0-1

[Event "FRA-chT2A 0506"]
[Site "France"]
[Date "2006.02.05"]
[Round "7.4"]
[White "Lerner, Fabien"]
[Black "Cousigne, Frederic"]
[Result "1/2-1/2"]
[WhiteElo "2035"]
[BlackElo "2194"]
[PlyCount "156"]
[EventDate "2005.10.27"]
[EventType "team-tourn"]
[EventRounds "11"]
[EventCountry "FRA"]
[SourceTitle "EXT 2006"]
[Source "ChessBase"]
[SourceDate "2005.11.24"]
[SourceVersion "1"]
[SourceVersionDate "2005.11.24"]
[SourceQuality "1"]
[WhiteTeam "Bordeaux Echecs"]
[BlackTeam "Bordeaux ASPOM"]
[WhiteTeamCountry "FRA"]
[BlackTeamCountry "FRA"]

1. c4 f5 2. Nc3 Nf6 3. g3 e5 4. Bg2 Bb4 5. Qb3 Bxc3 6. Qxc3 d6 7. d3 0-0 8. Nf3 Qe8 9. 0-0 Qh5 10. c5 e4 11. dxe4 fxe4 12. Ng5 d5 13. h4 Qxe2 14. Nh3 Qc4 15. Qxc4 dxc4 16. Bf4 Na6 17. Rac1 Be6 18. Be3 Nb4 19. Nf4 Bf7 20. a3 Nd3 21. Nxd3 cxd3 22. Bf4 c6 23. f3 Bd5 24. fxe4 Bxe4 25. Rcd1 Bg6 26. Rfe1 Rfe8 27. Kf2 Ng4+ 28. Kf1 Rad8 29. Bh3 h5 30. Bxg4 hxg4 31. Rxe8+ Rxe8 32. Re1 Be4 33. Kf2 Kf7 34. Bd2 Re5 35. Ke3 Bg6+ 36. Kd4 Rd5+ 37. Kc4 Bf5 38. Bg5 Be6 39. Kc3 Rxc5+ 40. Kxd3 Bf5+ 41. Ke3 Re5+ 42. Kf4 Be6 43. b4 Rf5+ 44. Ke4 a5 45. Bf4 Rd5 46. Be5 g6 47. Re3 axb4 48. axb4 Rd1 49. Bd4 Ke7 50. Bc5+ Kf7 51. Ke5 Rd5+ 52. Kf4 Rf5+ 53. Ke4 Ke8 54. Ra3 Kd7 55. Kd4 Bd5 56. Re3 Be6 57. Ra3 Rf3 58. Rxf3 gxf3 59. Ke5 Bd5 60. g4 Ke8 61. Kf6 Be4 62. h5 gxh5 63. gxh5 Kd7 64. h6 Kc7 65. Kg7 b6 66. Bf2 Kb7 67. h7 Bxh7 68. Kxh7 Ka6 69. Kg6 Kb5 70. Be1 Kc4 71. Kf5 Kd3 72. Kf4 Ke2 73. Bh4 c5 74. bxc5 bxc5 75. Ke4 c4 76. Kd4 c3 77. Kxc3 f2 78. Bxf2 Kf3 1/2-1/2

[Event "FRA-chT2A 0506"]
[Site "France"]
[Date "2005.12.04"]
[Round "4.5"]
[White "Pierre, Eric"]
[Black "Lerner, Fabien"]
[Result "1-0"]
[WhiteElo "2010"]
[BlackElo "2048"]
[PlyCount "51"]
[EventDate "2005.10.27"]
[EventType "team-tourn"]
[EventRounds "11"]
[EventCountry "FRA"]
[SourceTitle "EXT 2006"]
[Source "ChessBase"]
[SourceDate "2005.11.24"]
[SourceVersion "1"]
[SourceVersionDate "2005.11.24"]
[SourceQuality "1"]
[WhiteTeam "Sautron"]
[BlackTeam "Bordeaux Echecs"]
[WhiteTeamCountry "FRA"]
[BlackTeamCountry "FRA"]

1. e4 c6 2. d4 d5 3. exd5 cxd5 4. c4 Nf6 5. Nc3 dxc4 6. Bxc4 e6 7. Nf3 Be7 8. 0-0 0-0 9. Bg5 Nbd7 10. Ne5 Nb6 11. Bd3 Bd7 12. Qe2 Rc8 13. Rad1 Bc6 14. Rfe1 Nbd5 15. Nxc6 Rxc6 16. Ne4 Nxe4 17. Bxe7 Qxe7 18. Qxe4 Nf6 19. Qh4 Qb4 20. Re5 Qxb2 21. Rg5 Kh8 22. Rxg7 Kxg7 23. Qg5+ Kh8 24. Qxf6+ Kg8 25. Qg5+ Kh8 26. Qh6 1-0

[Event "FRA-chT2A 0506"]
[Site "France"]
[Date "2005.11.19"]
[Round "2.4"]
[White "Saucey, Michel"]
[Black "Lerner, Fabien"]
[Result "1-0"]
[WhiteElo "2318"]
[BlackElo "2048"]
[PlyCount "65"]
[EventDate "2005.10.27"]
[EventType "team-tourn"]
[EventRounds "11"]
[EventCountry "FRA"]
[SourceTitle "EXT 2006"]
[Source "ChessBase"]
[SourceDate "2005.11.24"]
[SourceVersion "1"]
[SourceVersionDate "2005.11.24"]
[SourceQuality "1"]
[WhiteTeam "Clermont Ferrand"]
[BlackTeam "Bordeaux Echecs"]
[WhiteTeamCountry "FRA"]
[BlackTeamCountry "FRA"]

1. d4 Nf6 2. c4 e6 3. Nf3 Bb4+ 4. Bd2 Qe7 5. g3 Nc6 6. Nc3 Bxc3 7. Bxc3 Ne4 8. Rc1 0-0 9. Bg2 Nxc3 10. Rxc3 d6 11. d5 Nb8 12. 0-0 e5 13. c5 Na6 14. cxd6 cxd6 15. Qa4 Bd7 16. Qa5 Rfc8 17. Rfc1 Rxc3 18. Rxc3 Rc8 19. Nd2 Kf8 20. h4 Rxc3 21. Qxc3 Qd8 22. Ne4 Bf5 23. Qe3 Bxe4 24. Bxe4 Qb6 25. Qg5 f6 26. Qf5 Nc5 27. b3 Qa5 28. Bf3 Qc7 29. Qxh7 e4 30. Bxe4 Nxe4 31. Qxe4 Qc1+ 32. Kg2 Qd2 33. a4 1-0

[Event "FRA-chT N1"]
[Site "France"]
[Date "2005.05.05"]
[Round "8.5"]
[White "Lerner, Fabien"]
[Black "Hareux, Hubert"]
[Result "1/2-1/2"]
[WhiteElo "2108"]
[BlackElo "2259"]
[PlyCount "146"]
[EventDate "2005.05.05"]
[EventType "team"]
[EventRounds "11"]
[EventCountry "FRA"]
[SourceTitle "EXT 2006"]
[Source "ChessBase"]
[SourceDate "2005.11.24"]
[SourceVersion "1"]
[SourceVersionDate "2005.11.24"]
[SourceQuality "1"]

1. c4 c6 2. e4 d5 3. exd5 cxd5 4. cxd5 Nf6 5. Nc3 Nxd5 6. d4 e6 7. Nf3 Be7 8. Bc4 0-0 9. 0-0 Nxc3 10. bxc3 Qc7 11. Qe2 Nc6 12. Bb2 b6 13. Bd3 Bb7 14. Rac1 Bf6 15. c4 Qf4 16. Rfd1 Rfd8 17. Qe3 Qg4 18. Be4 Rac8 19. Ba1 Na5 20. Bxb7 Nxb7 21. Rc2 Na5 22. Qe2 Rc7 23. h3 Qf4 24. g3 Qd6 25. Rdc1 Rdc8 26. c5 bxc5 27. Qb5 Qb6 28. Qa4 Nb7 29. Rb2 Qa5 30. Qxa5 Nxa5 31. Rb5 Nb7 32. Rcb1 Nd8 33. Kg2 c4 34. Rc1 Kf8 35. Ne5 Nb7 36. Bc3 Be7 37. Kf3 Nd6 38. Ra5 Nf5 39. Rb1 Bd6 40. Ke4 Ne7 41. Ra6 Bxe5 42. Kxe5 Nd5 43. Ba5 Rd7 44. Rc1 Ke7 45. Ke4 Rb7 46. Rc2 f5+ 47. Kf3 Kf6 48. Re2 Nb6 49. Bc3 Kf7 50. Rb2 Rd7 51. Rb5 Nd5 52. Ra3 Rcc7 53. Rc5 Ke7 54. Ba5 Rxc5 55. dxc5 e5 56. Ra4 e4+ 57. Ke2 Rc7 58. Rxc4 Rc6 59. Bc3 Nxc3+ 60. Rxc3 Ke6 61. Ke3 Kd5 62. Ra3 Rc7 63. Kf4 g6 64. Ra5 Rf7 65. h4 Kc4 66. a3 Kd3 67. c6 Ke2 68. Rc5 Rc7 69. Rc2+ Kd3 70. Rc5 a6 71. h5 Ke2 72. Rc2+ Kd3 73. Rc5 Ke2 1/2-1/2

[Event "FRA-chT4 0001"]
[Site "Niort"]
[Date "2000.10.15"]
[Round "1"]
[White "Adam, Gerard"]
[Black "Lerner, Fabien"]
[Result "1-0"]
[WhiteElo "1890"]
[BlackElo "1860"]
[PlyCount "103"]
[EventDate "2000.10.15"]
[EventType "team"]
[EventRounds "7"]
[EventCountry "FRA"]
[SourceTitle "EXT 2007"]
[Source "ChessBase"]
[SourceDate "2006.11.23"]
[SourceVersion "1"]
[SourceVersionDate "2006.11.23"]
[SourceQuality "1"]

1. e4 c6 2. d4 d5 3. Nd2 dxe4 4. Nxe4 Bf5 5. Ng3 Bg6 6. Bc4 e6 7. N1e2 Nf6 8. 0-0 Bd6 9. Bf4 0-0 10. Re1 Nd5 11. Bxd6 Qxd6 12. c3 Nd7 13. Bd3 Bxd3 14. Qxd3 N7f6 15. Rad1 Nf4 16. Qf3 Nxe2+ 17. Rxe2 Rfe8 18. Rde1 Qd5 19. Qxd5 exd5 20. Kf1 g6 21. Re7 Ne4 22. Rxe8+ Rxe8 23. Nxe4 Rxe4 24. Rxe4 dxe4 25. Ke2 f5 26. Ke3 Kf7 27. a4 Ke6 28. c4 a5 29. g4 Ke7 30. gxf5 gxf5 31. Kf4 Kf6 32. d5 cxd5 33. cxd5 h6 34. d6 Ke6 35. d7 Kxd7 36. Kxf5 Kc6 37. Kxe4 b5 38. f4 bxa4 39. f5 Kd6 40. Kf4 a3 41. bxa3 a4 42. h3 Kd5 43. h4 Kd6 44. Ke4 Ke7 45. Ke5 Kf7 46. f6 Kf8 47. Kf5 Kf7 48. h5 Kg8 49. Kg6 Kh8 50. Kxh6 Kg8 51. Kg6 Kh8 52. Kf7 1-0